A new era for mental health law and policy : supported decision-making and the UN Convention on the rights of persons with disabilities
Saved in:
| Main Author: | |
|---|---|
| Format: | Book |
| Language: | English |
| Published: |
Cambridge University Press
2017
|
| Tags: |
Add Tag
No Tags, Be the first to tag this record!
|
MARC
| LEADER | 00000nam a22000007a 4500 | ||
|---|---|---|---|
| 008 | 231220b |||||||| |||| 00| 0 eng d | ||
| 020 | |a 9781316506134 | ||
| 100 | |a GOODING, Piers | ||
| 245 | |a A new era for mental health law and policy |b : supported decision-making and the UN Convention on the rights of persons with disabilities |c /Piers Goodings |e ( Cambridge Disability Law and policy series) |g xi, 381p | ||
| 260 | |b Cambridge University Press |c 2017 |h New York |i 701005 |i 701006 |l K640.G59 |m Convention on the persons with disabilities and optional protocol (20007 March 30) |m Mental Health laws | ||
| 500 | |a it includes index | ||
| 942 | |a lcc |c BK |e Johnson |f 14/12/23 | ||
| 952 | |0 0 |1 0 |2 lcc |4 0 |6 K0640 G59 |7 0 |9 4695 |a LL |b HOL |c GJ |d 2023-12-20 |l 0 |o K640.G59 |p 2023-0608 |r 2023-12-20 00:00:00 |t 701005 |w 2023-12-20 |y BK | ||
| 952 | |0 0 |1 0 |2 lcc |4 0 |6 K0640 G59 |7 0 |9 4696 |a HOL |b HOL |c GJ |d 2023-12-20 |l 0 |o K640.G59 |p 2023-0609 |r 2023-12-20 00:00:00 |t 701006 |w 2023-12-20 |y BK | ||
| 999 | |c 2354 |d 2354 | ||